| 000 | 00349nam a22001457a 4500 | ||
|---|---|---|---|
| 005 | 20190918100429.0 | ||
| 008 | 190918b xxu||||| |||| 00| 0 eng d | ||
| 020 | _a81-256-70-64-7 | ||
| 041 | _aeng | ||
| 100 |
_aSURESH, DR. B. _95096 |
||
| 245 | _aA TEXT BOOK OF PHARMACOLOGY | ||
| 260 |
_aDELHI _bBIRLA PUBLICATION |
||
| 300 | _a264p, | ||
| 942 | _cBK | ||
| 999 |
_c6009 _d6007 |
||